Ortografía práctica

Saved in:
Bibliografiske detaljer
Hovedforfatter: Fuentes, Juan Luis (Author)
Format: Bog
Sprog:spansk
Udgivet: Buenos Aires Eds. Larousse 1991
Serier:Práctico Larousse
Fag:
Tags: Tilføj Tag
Ingen Tags, Vær først til at tagge denne postø!

MARC

LEADER 00000nam a2200000 a 4500
001 UCY4165
003 CL-VaPUC
008 950302e19910000AG |||||||||||||||||spa|d
082 0 4 |a 468.1  |b FUE  |2 21 
100 0 |a Fuentes, Juan Luis  |e author  |9 332586 
245 1 0 |a Ortografía práctica 
300 |a 215 p 
942 |c BK 
945 |d 19950302 00:00:00  |a rbrito 
260 |a Buenos Aires  |b Eds. Larousse  |c 1991 
650 7 |a ESPAÑOL ORTOGRAFIA  |2 CL-VaPUC  |9 309139 
583 |a last modification  |c 19950302 00:00:00  |k Rodrigo Vera 
490 0 |a Práctico Larousse 
999 |c 232108  |d 232106 
952 |0 0  |1 0  |4 0  |6 468_100000000000000_FUE_1991  |7 0  |8 A  |9 236132  |a BIBCUR  |b BIBCUR  |d 2019-11-15  |i 3061167  |o 468.1 FUE 1991  |p 3061167  |r 2025-04-22  |w 2019-11-15  |y BK  |k PER